000
00289nam a2200121Ia 4500
005
20250409180926.0
008
250409s9999||||xx |||||||||||||| ||und||
100
_a
DUMA, ALEXANDER
245
0
_a
MONTE CRISTO
260
_b
D C BOOKS,
_a
KOTTAYAM:
650
_v
Malayalam Fiction
942
_c
BOOK
999
_c
3228
_d
3228